000 00517cam a22001577a 4500
008 180718b1997 xxu||||| |||| 00| 0 eng d
082 _aB3x54 In2
100 _aSeminar on Restructuring Public Systems: Emerging Scenario (Oct. 23, 1997: New Delhi)
245 _a[Papers]
260 _aNew Delhi
_bIndian Institute of Public Administration
_c1997
300 _av.p.
650 _aPanchayat - India
650 _aPrivatization - India
650 _aPublic utilities - India
650 _aPublic administration - India
999 _c486088
_d486088